000 00847nam2a22002411 4500
001 v19\rc\2053824
005 20260405194508.0
035 _a(NLR Aleph) 005274834
090 _a6037600
_c6037600
100 _a20081111d1907 |||y0rusy50 ca
101 1 _arus
_carm
102 _aRU
105 _ay z |||||
200 1 _aПесни
210 _d1907
_aБ. м.
461 0 _1001v19\rc\2053823
_12001#$aЦветы Араза$eВып. 1$vВып. 1
_94714824
_cМосква
_d1907
_nБ. Кеворков
_oВып. 1
_tЦветы Араза
_vВып. 1
700 1 _8rus
_7ca
_aИсаакян
_bА. С.
_f1875-1957
_gАветик Саакович
_3RU\NLR\AUTH\7786217
_969145
801 0 _aRU
_bNLR
_c20081111
_gpsbo
801 1 _aRU
_bProSoft-M
_c20081111
_2rusmarc
801 2 _aRU
_bNLR
_c20100412
_2rusmarc
852 _aNLR
_j34.84.7.1028
942 _cBOOK
980 _aNB